000 00545cam a2200217 4500
001 D1580
008 090401t1981 xxu||||| |||| 00| 0 eng d
035 _a(Sirsi) u64712
041 _aeng
050 _a333.332
100 _aBowie, N.W.
245 _aAsset valuations
260 _aReading
_bCALUS
_c1981
300 _a14p. 25cm
350 _a0
490 _aProperty Valuation Handbook
_vD1
710 _aCentre for Advanced Land Use Studies
_92934
710 _aCollege of Estate Management
_9400
942 _n0
948 _c04/03/1997
999 _c94697
_d94697